Мир/1.2.6.Економічна складова (Запис № 17158)

000 -Маркер запису
Контрольне поле сталої довжини 02210nam a22002417a 4500
003 - Належність контрольного номера
Контрольне поле Uzh_bibl
008 - Кодовані дані
Контрольне поле сталої довжини 260323b |||||||| |||| 00| 0 ukr d
020 ## - Індекс ISBN
ISBN 978-617-7879-27-4
Ціна 105.00
040 ## - Джерело каталогіз.
Код мови каталог. укр.
041 ## - Код мови видання
Код мови оригіналу українська
Код мови тексту українська
080 ## - Індекс УДК
Індекс УДК 821(477)
090 ## - Шифри
Поличний індекс 821(477)
Авторський знак Ш 63
100 ## - Автор
Автор Ширант,Наташа
245 ## - Назва
Назва Мир/1.2.6.Економічна складова
Фізичний носій Текст
260 ## - Вихідні дані
Місце видання Харків
Видавництво Видавництво Іванченка
Дата видання 2020
300 ## - Фізичний опис
Обсяг 280 с.
520 ## - Анотація
Анотація Теоретична частина дослідження авторки доповнена спогадами та роздумами українських воїнів, які погодилися надати відверті інтерв’ю. Це люди, життя яких назавжди змінилося. Змінилося через війну, на чолі якої – маска гібридності. <br/>Тому необхідно не лише фіксувати спогади очевидців нинішніх подій, а й створювати узагальнюючі аналітичні праці, які розкриватимуть більш глибинні процеси та даватимуть повний зріз окремих аспектів.<br/>Цими роздумами на зустрічі поділилися й герої книжки: підполовник ЗСУ, учасник бойових дій за Донецький аеропорт, командир 90-го окремого аеромобільно-десантного батальйону Віталій Анатолійович Баранов, боєць 90-го батальйону, фотограф Руслан Боровик, Олександр Кульга, який змушений був переїхати з Донецька, волонтер і доброволець Микола Мельник.
521 ## - Примітка про цільове призначення
Примітка про цільове призначення Для широкого кола читачів
546 ## - Примітка про мову
Примітка про мову укр.
650 ## - Тематичні рубрики
Основна рубрика Літературно-художне видання
653 ## - Ключові слова
Ключові слова Війна
-- Дослідження
-- Теорія війни
942 ## - ADDED ENTRY ELEMENTS (KOHA)
Джерело класифікації чи схема поличного розташування
Koha item type Книги
Фонди
Статус вилучення Статус втрати/відсутності Джерело класифікації чи схема поличного розташування Статус пошкодження Тип обігу (не для випозичання) Постійне розташування Поточне розташування Розташування у відділі Дата надходження Джерело надходження (постачальник) Інвентарний номер Повний (примірниковий) шифр зберігання Штрих-код Date last seen Дата, для якої чинна ціна заміни Тип одиниці (рівень примірника)
          Бібліотека-філія №2 Бібліотека-філія №2 Абонемент старший відділ 16/03/2026 Подаровані 80752 821(477) 19265 23/03/2026 17/03/2026 Книги

Працює на АБІС Коха